Connect 4 : Student's book

Gardado en:
Detalles Bibliográficos
Autor Principal: Jack C.Richards
Formato: Libro
Idioma:Undetermined
Publicado: Cambridge Cambridge University Press 2004
Những chủ đề:
Các nhãn: Engadir etiqueta
Sen Etiquetas, Sexa o primeiro en etiquetar este rexistro!
Thư viện lưu trữ: Trung tâm Học liệu Trường Đại học Cần Thơ
LEADER 00574nam a2200217Ia 4500
001 CTU_102110
008 210402s9999 xx 000 0 und d
020 |c 66666 
082 |a 428.24 
082 |b R514/sb4-CD.2 
100 |a Jack C.Richards 
245 0 |a Connect 4 : 
245 0 |b Student's book 
245 0 |c Jack C.Richards 
260 |a Cambridge 
260 |b Cambridge University Press 
260 |c 2004 
650 |a englis language 
650 |x textbooks for foreign speakers 
904 |i Năm 
980 |a Trung tâm Học liệu Trường Đại học Cần Thơ